000 00716nam a22002297a 4500
003 UA-OsUOA
001 108464
007 ta
008 20141021b un ||||| |||| 00| 0 ukr d
100 _aІртищева І.О.
700 _aКрамаренко І.С.
090 _a330(477)
_bИ99
942 _cSA
040 _aUA-OsUOA
_bukr
_cUA-OsUOA
_dUA-OsUOA
245 _aІнвестиційна привабливість економіки: міжрегіональні асиметрії
300 _aС.84-95
955 _a0
041 _aukr
080 _a330(477)
773 0 _w108456
_tРегіональна економіка
_dЛьвів
_d2014
_g2
650 7 _a330 Економіка взагалі
_2UDC
999 _c394311
_d394311